Defending London's honor (Record no. 83842)

MARC details
000 -LEADER
fixed length control field 01286cab a22002295a 4500
001 - CONTROL NUMBER
control field L155260
008 - FIXED-LENGTH DATA ELEMENTS--GENERAL INFORMATION
fixed length control field 120313e2012 xxk 000 0 eng d
035 ## - SYSTEM CONTROL NUMBER
System control number (Sirsi) u155260
041 0# - LANGUAGE CODE
Language code of text/sound track or separate title eng
100 1# - MAIN ENTRY--PERSONAL NAME
Personal name Barrett, Claer
245 00 - TITLE STATEMENT
Title Defending London's honor
260 ## - PUBLICATION, DISTRIBUTION, ETC.
Date of publication, distribution, etc. 2012
490 #0 - SERIES STATEMENT
Series statement Property Week International
Volume/sequential designation 78(09) 2 March 2012, 94-95
520 ## - SUMMARY, ETC.
Summary, etc. London's reputation as the world's top city is under threat warns the Honor Chapman Memorial Project, a ground-breaking research study, two years in the making, whose preliminary findings will be published in April and final report just before the Olympics. It aims to chart London's rise over the last 20 years and the challenges to London property, politics and business over the next 20 years. London's place as a city of opportunity is slipping according to a recent PwC report "Cities of opportunities", down in the league tables for transport, infrastructure, housing and social inclusion
590 ## - LOCAL NOTE (RLIN)
Local note KA
651 #4 - SUBJECT ADDED ENTRY--GEOGRAPHIC NAME
Geographic name London
690 ## - LOCAL SUBJECT ADDED ENTRY--TOPICAL TERM (OCLC, RLIN)
Topical term or geographic name as entry element Commercial property
9 (RLIN) 6227
690 ## - LOCAL SUBJECT ADDED ENTRY--TOPICAL TERM (OCLC, RLIN)
Topical term or geographic name as entry element Residential property
9 (RLIN) 6266
690 ## - LOCAL SUBJECT ADDED ENTRY--TOPICAL TERM (OCLC, RLIN)
Topical term or geographic name as entry element Business and management
856 40 - ELECTRONIC LOCATION AND ACCESS
Uniform Resource Identifier <a href="https://www.pwc.com/us/en/cities-of-opportunity/2011/pdfdownload.jhtml">https://www.pwc.com/us/en/cities-of-opportunity/2011/pdfdownload.jhtml</a>
Public note View the Cities of opportunity report at www.pwc.com
942 ## - ADDED ENTRY ELEMENTS (KOHA)
Suppress in OPAC 0
Holdings
Withdrawn status Lost status Source of classification or shelving scheme Damaged status Not for loan Home library Current library Shelving location Date acquired Total Checkouts Full call number Barcode Date last seen Copy number Price effective from Koha item type
    Dewey Decimal Classification     London London Journal article 13/03/2012   L155260 155260-1001 06/08/2019 1 06/08/2019 Journal article